| 000 | 00867nam a2200337 a 4500 | ||
|---|---|---|---|
| 003 | AR-BaBNM | ||
| 005 | 20251128203129.0 | ||
| 008 | 082120s2002 ||||||||||||||000 | spa|| | ||
| 020 | _a980-258-000-7 | ||
| 040 | _cAR-BaBNM | ||
| 100 | 1 | _aLiscano, Juan | |
| 245 | 0 | 0 | _aReflexiones para jóvenes capaces de leer |
| 260 |
_aCaracas _bPublicaciones Seleven _c1985 |
||
| 300 |
_a137 p. _bil. |
||
| 490 | 0 | _aAutores de hoy. Trazos | |
| 650 | 4 | _aSOCIOLOGIA CULTURAL | |
| 650 | 4 | _aLITERATURA LATINOAMERICANA | |
| 650 | 4 | _aADOLESCENTES | |
| 650 | 4 | _aIDEOLOGIAS | |
| 650 | 4 | _aENSAYO | |
| 650 | 4 | _aCONTRACULTURAS | |
| 650 | 4 | _aDROGADICCION | |
| 650 | 4 | _aCRISTIANISMO | |
| 650 | 4 | _aRELIGION | |
| 653 | _aLITERATURA VENEZOLANA | ||
| 653 | _aROCK | ||
| 655 | _aLITERATURA | ||
| 700 | 1 |
_aMassiani, Francisco _eilustrador |
|
| 942 | _cBK | ||
| 998 | _cMARTIN | ||
| 999 |
_c2048 _d2048 |
||